| 000 | 00368nam a2200133 a 4500 | ||
|---|---|---|---|
| 001 | 5507 | ||
| 003 | CDMR | ||
| 005 | 20130116135309.0 | ||
| 008 | 130130s2007||||||||||||||||||||||||||||d | ||
| 040 |
_aCDMR _bcat _cCPC GIRONA |
||
| 245 | 0 |
_aRecull d'editorials _bButlletí del Centre d'Estudis Jordi Pujol 2005-2006 |
|
| 260 |
_c2007 _bCentre d'Estudis Jordi Pujol |
||
| 942 | _cMON | ||
| 999 |
_c5507 _d5507 |
||